000 00534nam a22002051 4500
001 2176480
005 20180314093953.0
008 710311s1968 iaua b 000 0 eng
010 _a 68028171
040 _aDLC
_cDLC
_dDLC
041 _aeng
080 _a701.8 OCV
082 0 0 _a701.8 OCV
100 1 _a44
101 _aART
245 1 0 _aArt fundamentals; theory and practice
_c[by] Otto G. Ocvirk [and others]
504 _aBibliography: p. 165.
906 _a7
_bcbc
_corignew
_du
_eocip
_f19
_gy-gencatlg
942 _2ddc
_cBK
999 _c45045
_d45045